CAMBRIDGE essays on education
Salvato in:
| Natura: | Libro |
|---|---|
| Lingua: | inglese |
| Pubblicazione: |
Cambridge University Press
2014
|
| Tags: |
Aggiungi Tag
Nessun Tag, puoi essere il primo ad aggiungerne!!
|
MARC
| LEADER | 00000nam a22000007a 4500 | ||
|---|---|---|---|
| 008 | 210809b ||||| |||| 00| 0 eng d | ||
| 020 | |a 9781107698406 | ||
| 245 | |a CAMBRIDGE essays on education |c edited by A. C. Benson |g viii, 232p. | ||
| 250 | |c BENSON, A. C. | ||
| 260 | |b Cambridge University Press |c 2014 |h Cambridge |i 696746 |i 696747 |l LB41.C14 |m Education | ||
| 942 | |a lcc |c BK |e Kuteyi, M. A. |f 9/8/2021 | ||
| 952 | |0 0 |1 0 |2 lcc |4 0 |6 LB0041 C14 |7 0 |9 2964 |a HOL |b ED |c LP |d 2021-08-09 |l 0 |o LB41.C14 |p 2021-66640 |r 2021-08-09 00:00:00 |w 2021-08-09 |y BK | ||
| 952 | |0 0 |1 0 |2 lcc |4 0 |6 LB0041 C14 |7 0 |9 2965 |a HOL |b HOL |c LP |d 2021-08-09 |l 0 |o LB41.C14 |p 2021-66641 |r 2021-08-09 00:00:00 |w 2021-08-09 |y BK | ||
| 999 | |c 1501 |d 1501 | ||